| 000 | 00340 a2200121 4500 | ||
|---|---|---|---|
| 005 | 20250607120650.0 | ||
| 082 | _aREF 225 SMI | ||
| 245 | _aThe Book of Mormon : Another Testament of Jesus Christ. | ||
| 260 |
_aUSA, _bThe Church of Jesus Christ, _c1981. |
||
| 300 |
_a779p.: ill.; picture _bIndex _c17cm |
||
| 700 | _aSMITH, J. | ||
| 942 |
_2ddc _cBKS |
||
| 999 |
_c3436 _d3436 |
||